000
00318nam a2200133Ia 4500
008
240624s9999 xx 000 0 und d
041
_a
eng
082
_a
891.4608 KHA
100
_a
KHANDEKAR V S
245
_a
YAYATI
260
_c
2006
_a
Pune
_b
Mehta Publishing House
300
_a
419 : p. : cm. ; 21
365
_c
RS
_b
20
999
_c
6928
_d
6928